000 00640cam a22002413a 4500
001 14035
003 PGUSA
005 20140828083312.0
008 041113s2004||||xxu|||||s|||||000 | eng d
040 _aPGUSA
_beng
042 _adc
050 4 _aPH
100 1 _aLassila, Maiju,
_d1868-1918
245 1 0 _aMimmi Paavaliina
_h[electronic resource] /
_cMaiju Lassila
260 _bProject Gutenberg,
_c2004
506 _aPublic domain in the USA.
516 _aElectronic text
653 _aFinnish drama
653 _aComedies
830 0 _aProject Gutenberg
_v14035
856 4 0 _uhttp://www.gutenberg.org/ebooks/14035
942 _cEB
999 _c243290
_d243290